00475nam a2200133Ia 4500008004100000041000800041100003900049245006300088260003100151300000900182700003000191999001900221952010100240250110s9999 xx 000 0 und d aeng aTakhenchangbam Ojaswi Devi9184122 aPrison Landscapees : Exploration And Potential Guidelines  bBNCA M Arch LA, Punec2018 a50p; aGuide Name:Andhare Sayali c364540d364540 00104070aBNCAbBNCAd2020-02-04l0pBNCA-PR-2040r2025-01-10 00:00:00w2025-01-10yPRzPR2040